00583nam a2200193Ia 4500001001000000003000500010008004100015010001100056040000900067082001800076100001800094245007400112260005800186300001000244440003400254650002700288700001600315710005800331Para_2419CHAP220125s1988 xx 000 0 und d a200953 cCHAP aPA 635.22 C53 aClark, C A aCompedium of sweet potato. diseases /c by C.A. Clark and J.W. Moyer aSt. Paul Minn :b American Phytopathological Society a74 p. aThe disease compendium series aCamote x Enfermedades aMoyer, J.W. aAmerican Phytopathological Society. St. Paul, Minn. I